Процессы термической переработки рисовой шелухи при получении активированного углеродного материала и их аппаратурное обеспечение: диссертация на соискание ученой степени кандидата технических наук; спец. 05.17.08

Бібліографічні деталі
Автор: Нгуен Мань Хиеу
Співавтор: Национальный исследовательский Томский политехнический университет (ТПУ) Институт природных ресурсов (ИПР) Кафедра общей химической технологии (ОХТ)
Інші автори: Коробочкин В. В. Валерий Васильевич (научный руководитель)
Резюме:Заглавие с титульного экрана
Электронная версия печатной публикации
Мова:Російська
Опубліковано: Томск, 2018
Предмети:
Онлайн доступ:http://earchive.tpu.ru/handle/11683/47162
Формат: MixedMaterials Електронний ресурс Книга
KOHA link:https://koha.lib.tpu.ru/cgi-bin/koha/opac-detail.pl?biblionumber=340890

MARC

LEADER 00000nlm0a2200000 4500
001 340890
005 20231102005304.0
035 |a (RuTPU)RU\TPU\book\367911 
035 |a RU\TPU\book\367888 
090 |a 340890 
100 |a 20180419d2018 k y0rusy50 ca 
101 0 |a rus 
102 |a RU 
105 |a a m 000zy 
135 |a drcn ---uucaa 
181 0 |a i  
182 0 |a b 
200 1 |a Процессы термической переработки рисовой шелухи при получении активированного углеродного материала и их аппаратурное обеспечение  |b Электронный ресурс  |e диссертация на соискание ученой степени кандидата технических наук  |e спец. 05.17.08  |f Нгуен Мань Хиеу  |g Национальный исследовательский Томский политехнический университет (ТПУ) ; науч. рук. В. В. Коробочкин 
203 |a Текст  |c электронный 
210 |a Томск  |d 2018 
215 |a 1 файл (6 256 KB) 
230 |a Электронные текстовые данные (1 файл : 6 256 KB) 
300 |a Заглавие с титульного экрана 
300 |a Электронная версия печатной публикации 
452 1 |0 (RuTPU)RU\TPU\book\368651  |t Процессы термической переработки рисовой шелухи при получении активированного углеродного материала и их аппаратурное обеспечение  |o диссертация на соискание ученой степени кандидата технических наук  |o спец. 05.17.08  |f Нгуен Мань Хиеу  |g Национальный исследовательский Томский политехнический университет (ТПУ) ; науч. рук. В. В. Коробочкин  |c Томск  |n [Б. и.]  |d 2018  |p 190 л. 
606 1 |a Углеродистые материалы  |x Производство  |2 stltpush  |3 (RuTPU)RU\TPU\subj\32304  |9 54895 
610 1 |a электронный ресурс 
610 1 |a диссертации 
610 1 |a труды учёных ТПУ 
610 1 |a рисовая шелуха 
610 1 |a углеродные материалы 
610 1 |a аппаратурное обеспечение 
610 1 |a Вьетнам 
610 1 |a термические превращения 
610 1 |a карбонизация 
610 1 |a активация 
610 1 |a активаторы 
610 1 |a карбонат калия 
610 1 |a карбонат натрия 
610 1 |a аппаратурно-технологические схемы 
610 1 |a активированные материалы 
610 1 |a термическая переработка 
610 1 |a термическое разложение 
610 1 |a диоксид кремния 
610 1 |a карбонизаты 
675 |a 661.666(04)  |v 4 
686 |a 05.17.08  |2 oksvnk 
700 0 |a Нгуен Мань Хиеу 
702 1 |a Коробочкин  |b В. В.  |c российский химик-технолог  |c профессор Томского политехнического университета, доктор технических наук  |f 1951-  |g Валерий Васильевич  |2 stltpush  |3 (RuTPU)RU\TPU\pers\27915  |4 727 
712 0 2 |a Национальный исследовательский Томский политехнический университет (ТПУ)  |b Институт природных ресурсов (ИПР)  |b Кафедра общей химической технологии (ОХТ)  |h 100  |2 stltpush  |3 (RuTPU)RU\TPU\col\18654 
801 2 |a RU  |b 63413507  |c 20190110  |g RCR 
856 4 |u http://earchive.tpu.ru/handle/11683/47162 
942 |c CF